000 01193nam a22003610a 4500
001 PT7672
003 AR-LpoUNG
005 20210131232215.0
008 191001s1996||||sp |||||||||||||||||spa d
020 _a8479930128
_c$13
040 _aAR-LpoUNG
_bspa
_cAR-LpoUNG
_eaacr
041 _aspa
044 _asp
082 0 _a982.024 314mer
100 1 _aGelman, Jorge Daniel
245 1 0 _aDe mercachifle a gran comerciante :
_blos caminos del ascenso en el Río de la Plata Colonial
250 _a1ra. ed.
260 _aAndalucía :
_bUniversidad Internacional de Andalucía. Sede Iberoamericana de La Rábida,
_c1996.
300 _a194 p. :
_btbls.
520 _a<p>Estudia algunas características del comercio y los mecanismos utilizados por los mercaderes en la sociedad colonial americana del siglo XVIII.</p>
650 4 _aANALISIS ECONOMICO
650 4 _aANALISIS HISTORICO
650 4 _aARGENTINA
650 4 _aCOMERCIO
650 4 _aDESARROLLO DEL COMERCIO
650 4 _aHISTORIA ECONOMICA
650 4 _aHISTORIA POLITICA
650 4 _aPODER POLITICO
651 4 _aMundial
710 2 _aUniversidad Nacional de Buenos Aires
905 _a7672
942 _cLIB
999 _c14352
_d14352